banner-ar

نظم العقيات فى اعيان الاعيان / (Record no. 37836)

MARC details
000 -الفاتح
حقل البيانات ثابتة الطول 00539nam a2200157Ia 4500
005 - وقت وتاريخ اخر تعامل مع التسجيلة
رقم الضبط 20240530103236.0
008 - عناصر البيانات ثابتة الطول - معلومات عامة
حقل البيانات ثابتة الطول 140319s9999 xx 000 0 ara d
040 ## - مصدر الفهرسة
وكالة الفهرسة الأصلية GCL /
وكالة النسخ GCL
082 04 - رقم تصنيف ديوى العشرى
رقم التصنيف 920
رقم المادة س ن
100 1# - المدخل الرئيسى - إسم شخصى
الإسم الشخصى فليب حتى (تحرير)
245 10 - بيان العنوان
العنوان نظم العقيات فى اعيان الاعيان /
بيان المسئوليه,etc فليب حتى (تحرير)
300 ## - الوصف المادى
التعداد 179 ص
700 1# - المدخل الاضافى - اسم شخصى
الإسم الشخصى السيوطى : جلال الدين ابوالفضل عبدالرحمن بن ابى بكر بن محمد الخضيرى
942 ## - عناصر المدخل الإضافي( كوها)
مصدر التصنيف او مخطط الترفيف Dewey Decimal Classification
Koha [default] item type كتاب
Holdings
حالة التراجع حالة الفقد حالة تلف ليس للاعارة المكان المؤقت الموقع الحالى تاريخ الاكتساب اجمالي اﻻعارات رقم الطلب الباركود تاريخ اخر مشاهدة تاريخ تفعيل السعر نوع وعاء كوها
        مكتبة القاهرة الكبرى مكتبة القاهرة الكبرى 03/26/2014   920\س ن 92388 03/26/2014 03/26/2014 كتاب
        مكتبة القاهرة الكبرى مكتبة القاهرة الكبرى 03/26/2014   920\س ن 92389 03/26/2014 03/26/2014 كتاب

Powered By

EGPV